Los hombres prehistóricos /

El autor de este libro es famoso por el hallazgo de un cráneo prehistórico. Esta obra es una visión de conjunto del conocimiento logrado hasta la fecha de su publicación (1960) sobre el hombre prehistórico.

Kaydedildi:
Detaylı Bibliyografya
Yazar: Koenigswald, G.H.R. von (autor)
Materyal Türü: Kitap
Dil:İspanyolca
Baskı/Yayın Bilgisi: Barcelona, España : Omega, 1960, c1960
Konular:
Etiketler: Etiketle
Etiket eklenmemiş, İlk siz ekleyin!

MARC

LEADER 00000nam^a2200000^a^4500
001 000103217
005 20250521000000.0
009 20260526122127.927
037 |a Acervo ITESO - Biblioteca 
041 |a ESP 
082 |a 930. 1  |b KOE 
100 |a Koenigswald, G.H.R. von  |e (autor) 
245 1 4 |a Los hombres prehistóricos /  |c G.H.R. von Koenigswald ; tr. por Miguel Fusté. 
264 4 |a Barcelona, España :  |b Omega,  |c 1960, c1960 
300 |a 206 p. 
336 |a texto  |b txt  |2 rdacontenido 
337 |a sin mediación  |b n  |2 rdamedio 
338 |a volumen  |b nc  |2 rdasoporte 
520 |a El autor de este libro es famoso por el hallazgo de un cráneo prehistórico. Esta obra es una visión de conjunto del conocimiento logrado hasta la fecha de su publicación (1960) sobre el hombre prehistórico. 
649 |a XX 
650 |a Hombre Prehistórico 
650 |a Prehistoria 
650 |a Historia Antigua 
650 |a Paleontología 
650 |a Arqueología 
650 |a Antropología 
910 |a Fondo Jesús Rodríguez 
920 |a Impresos - Libros 
930 |a Fondos Especiales 
905 |a 113 
901 |a 0500038849  |b IT2  |c ESP  |u 20250521 
902 |a https://opac.biblio.iteso.mx/vufind/Record/000103217